[Event "World Senior Championship F50+/F65+"]
[Site "Katerini"]
[Date "2014.10.28"]
[Round "5.7"]
[White "Abdikasova, Panu"]
[Black "Khmiadashvili, Tamar"]
[Result "1-0"]
[WhiteElo "1981"]
[BlackElo "2090"]
[EventDate "2014.10.24"]

1. d4 {[%clk 1:31:23]} d5 {[%clk 1:31:14]} 2. c4 {[%clk 1:31:36]} e6
{[%clk 1:31:29]} 3. Nf3 {[%clk 1:31:38]} Nf6 {[%clk 1:31:44]} 4. Bg5
{[%clk 1:31:26]} Be7 {[%clk 1:32:06]} 5. e3 {[%clk 1:29:44]} Nbd7
{[%clk 1:32:16]} 6. Nc3 {[%clk 1:29:28]} c6 {[%clk 1:32:22]} 7. Bd3
{[%clk 1:28:19]} O-O {[%clk 1:32:28]} 8. O-O {[%clk 1:28:33]} dxc4
{[%clk 1:32:33]} 9. Bxc4 {[%clk 1:28:59]} Nd5 {[%clk 1:32:48]} 10. Bxe7
{[%clk 1:29:16]} Qxe7 {[%clk 1:33:09]} 11. Rc1 {[%clk 1:27:32]} Nxc3
{[%clk 1:32:56]} 12. Rxc3 {[%clk 1:27:53]} e5 {[%clk 1:32:42]} 13. dxe5
{[%clk 1:26:53]} Nxe5 {[%clk 1:32:54]} 14. Nxe5 {[%clk 1:26:21]} Qxe5
{[%clk 1:33:21]} 15. Qb3 {[%clk 1:26:20]} Rb8 {[%clk 1:24:54]} 16. Rd1
{[%clk 1:25:23]} Bf5 {[%clk 1:21:49]} 17. Bd3 {[%clk 1:18:55]} Bg4
{[%clk 1:19:19]} 18. Rd2 {[%clk 1:16:46]} Rfd8 {[%clk 1:07:20]} 19. Qc2
{[%clk 1:14:29]} g6 {[%clk 1:05:59]} 20. Bc4 {[%clk 1:11:17]} Kg7
{[%clk 0:58:23]} 21. f3 {[%clk 1:10:31]} Bf5 {[%clk 0:53:38]} 22. Qd1
{[%clk 1:08:05]} Rxd2 {[%clk 0:50:17]} 23. Qxd2 {[%clk 1:08:31]} Re8
{[%clk 0:49:05]} 24. e4 {[%clk 1:07:28]} Bc8 {[%clk 0:48:39]} 25. Bb3
{[%clk 1:06:22]} h5 {[%clk 0:42:36]} 26. Rd3 {[%clk 1:05:00]} h4 {[%clk 0:34:37]}
27. Qc3 {[%clk 0:57:20]} Qxc3 {[%clk 0:32:17]} 28. Rxc3 {[%clk 0:57:46]} Rd8
{[%clk 0:28:22]} 29. Rc2 {[%clk 0:54:34]} h3 {[%clk 0:26:47]} 30. g3
{[%clk 0:41:00]} Rd1+ {[%clk 0:22:54]} 31. Kf2 {[%clk 0:41:23]} Rh1
{[%clk 0:22:49]} 32. Ke3 {[%clk 0:41:49]} Kf6 {[%clk 0:21:37]} 33. g4
{[%clk 0:37:55]} g5 {[%clk 0:19:41]} 34. Rf2 {[%clk 0:35:03]} Be6
{[%clk 0:14:44]} 35. Bxe6 {[%clk 0:35:05]} fxe6 {[%clk 0:13:50]} 36. f4
{[%clk 0:35:06]} Kg6 {[%clk 0:05:18]} 37. f5+ {[%clk 0:32:20]} Kf7
{[%clk 0:02:40]} 38. e5 {[%clk 0:31:41]} Re1+ {[%clk 0:01:27]} 39. Re2
{[%clk 1:01:38]} Rg1 {[%clk 0:31:16]} 40. Kf3 {[%clk 1:01:59]} exf5
{[%clk 0:30:58]} 41. gxf5 g4+ {[%clk 0:26:30]} 42. Kf4 {[%clk 0:58:54]} g3
{[%clk 0:12:04]} 43. hxg3 {[%clk 0:54:00]} Rg2 {[%clk 0:12:21]} 44. Re1
{[%clk 0:54:27]} h2 {[%clk 0:11:45]} 45. Rh1 {[%clk 0:54:53]} Rf2+
{[%clk 0:09:28]} 46. Kg5 {[%clk 0:53:05]} Rxb2 {[%clk 0:09:36]} 47. g4
{[%clk 0:52:38]} c5 {[%clk 0:07:31]} 48. e6+ {[%clk 0:53:01]} Ke7
{[%clk 0:07:23]} 49. Kg6 {[%clk 0:53:25]} Re2 {[%clk 0:04:30]} 50. g5
{[%clk 0:53:13]} c4 {[%clk 0:02:20]} 51. Kg7 {[%clk 0:49:27]} Re5
{[%clk 0:01:05]} 52. Kg6 {[%clk 0:48:57]} Re2 {[%clk 0:01:08]} 53. Rd1
{[%clk 0:46:21]} c3 {[%clk 0:01:01]} 54. Rd7+ {[%clk 0:46:46]} Ke8
{[%clk 0:01:27]} 55. Rh7 {[%clk 0:47:09]} Rxe6+ {[%clk 0:01:26]} 56. fxe6
{[%clk 0:47:35]} c2 {[%clk 0:01:33]} 57. Kf6 {[%clk 0:47:59]} Kd8
{[%clk 0:01:31]} 58. e7+ {[%clk 0:42:21]} Kd7 {[%clk 0:01:59]} 59. Kf7
{[%clk 0:42:41]} c1=Q {[%clk 0:01:10]} 60. e8=Q+ {[%clk 0:43:04]} Kc7 61. Qe5+
{[%clk 0:43:14]} Kd7 {[%clk 0:00:31]} 62. Kg6+ {[%clk 0:43:10]} Kd8
{[%clk 0:00:36]} 63. Qh8# 1-0

[Event "World Senior Championship F50+/F65+"]
[Site "Katerini"]
[Date "2014.10.28"]
[Round "5.8"]
[White "Birkholz, Olga"]
[Black "Sinchurina, Tatiana"]
[Result "1-0"]
[WhiteElo "2067"]
[BlackElo "1985"]
[EventDate "2014.10.24"]

1. d4 {[%clk 1:30:56]} d5 {[%clk 1:30:23]} 2. Nc3 {[%clk 1:31:08]} Nf6
{[%clk 1:30:28]} 3. Bg5 {[%clk 1:31:30]} e6 {[%clk 1:30:26]} 4. e4
{[%clk 1:31:29]} dxe4 {[%clk 1:30:39]} 5. Nxe4 {[%clk 1:31:55]} Be7
{[%clk 1:30:54]} 6. Ng3 {[%clk 1:31:31]} h6 {[%clk 1:30:52]} 7. Be3
{[%clk 1:29:47]} b6 {[%clk 1:30:49]} 8. Nf3 {[%clk 1:29:41]} Bb7 {[%clk 1:30:45]}
9. Bb5+ {[%clk 1:22:45]} c6 {[%clk 1:30:55]} 10. Bd3 {[%clk 1:16:36]} Nd5
{[%clk 1:30:20]} 11. Bd2 {[%clk 1:16:01]} O-O {[%clk 1:29:27]} 12. Qe2
{[%clk 1:08:39]} c5 {[%clk 1:27:54]} 13. Qe4 {[%clk 1:06:43]} g6 {[%clk 1:22:38]}
14. Bxh6 {[%clk 1:05:36]} Nc6 {[%clk 1:21:30]} 15. Bxf8 {[%clk 1:00:58]} Kxf8
{[%clk 1:21:07]} 16. O-O {[%clk 0:58:31]} Ndb4 {[%clk 1:20:04]} 17. dxc5
{[%clk 0:53:21]} Nxd3 {[%clk 1:17:43]} 18. cxd3 {[%clk 0:52:07]} Bxc5
{[%clk 1:16:38]} 19. d4 {[%clk 0:50:02]} Be7 {[%clk 1:14:32]} 20. Rac1
{[%clk 0:45:37]} Na5 {[%clk 1:13:38]} 21. Qe3 {[%clk 0:44:07]} Kg7
{[%clk 1:10:00]} 22. Rfd1 {[%clk 0:39:32]} Bd5 {[%clk 1:09:46]} 23. b3
{[%clk 0:37:54]} f6 {[%clk 1:04:15]} 24. Ne4 {[%clk 0:35:41]} g5 {[%clk 0:58:19]}
25. h3 {[%clk 0:34:40]} Qd7 {[%clk 0:48:34]} 26. Nc3 {[%clk 0:31:05]} Rh8
{[%clk 0:44:21]} 27. Nxd5 {[%clk 0:29:42]} exd5 {[%clk 0:44:04]} 28. Re1
{[%clk 0:29:16]} Kf7 {[%clk 0:43:22]} 29. Re2 {[%clk 0:27:14]} Bd6
{[%clk 0:39:07]} 30. Nxg5+ {[%clk 0:18:29]} fxg5 {[%clk 0:38:59]} 31. Qxg5
{[%clk 0:18:57]} Rg8 {[%clk 0:32:40]} 32. Qxd5+ {[%clk 0:18:11]} Kf8
{[%clk 0:32:31]} 33. Re5 {[%clk 0:17:52]} Rg6 {[%clk 0:29:53]} 34. Rc3
{[%clk 0:14:27]} Kg7 {[%clk 0:27:27]} 35. Rg5 {[%clk 0:13:28]} Rxg5
{[%clk 0:24:28]} 36. Qxg5+ {[%clk 0:13:53]} Kh7 {[%clk 0:23:37]} 37. Rf3
{[%clk 0:13:05]} Qe6 {[%clk 0:19:06]} 38. Re3 {[%clk 0:11:37]} Qf7
{[%clk 0:16:52]} 39. Re4 {[%clk 0:11:23]} 1-0

[Event "World Senior Championship F50+/F65+"]
[Site "Katerini"]
[Date "2014.10.28"]
[Round "5.9"]
[White "Ungure, Liga"]
[Black "Baliuniene, Margarita"]
[Result "1/2-1/2"]
[WhiteElo "1997"]
[BlackElo "1961"]
[EventDate "2014.10.24"]

1. e4 {[%clk 1:30:57]} c5 {[%clk 1:30:57]} 2. Nf3 {[%clk 1:31:22]} d6
{[%clk 1:31:15]} 3. Bb5+ {[%clk 1:31:47]} Bd7 {[%clk 1:31:34]} 4. Bxd7+
{[%clk 1:32:11]} Qxd7 {[%clk 1:31:26]} 5. c4 {[%clk 1:32:12]} Nc6
{[%clk 1:31:26]} 6. Nc3 {[%clk 1:32:03]} Nf6 {[%clk 1:31:19]} 7. d4
{[%clk 1:31:28]} cxd4 {[%clk 1:31:28]} 8. Nxd4 {[%clk 1:31:21]} g6
{[%clk 1:31:08]} 9. O-O {[%clk 1:20:48]} Bg7 {[%clk 1:31:17]} 10. Nde2
{[%clk 1:20:40]} O-O {[%clk 1:29:35]} 11. Rb1 {[%clk 1:19:48]} a6
{[%clk 1:25:14]} 12. a4 {[%clk 1:14:51]} Qe6 {[%clk 1:14:32]} 13. Nd5
{[%clk 0:53:55]} Qxe4 {[%clk 1:10:40]} 14. Bg5 {[%clk 0:44:26]} Nxd5
{[%clk 0:40:17]} 15. cxd5 {[%clk 0:44:45]} Nd4 {[%clk 0:40:41]} 16. Nc3
{[%clk 0:34:36]} Qe5 {[%clk 0:33:17]} 17. f4 {[%clk 0:34:08]} Qe3+
{[%clk 0:33:42]} 18. Kh1 {[%clk 0:34:00]} Nf5 {[%clk 0:29:13]} 19. Re1
{[%clk 0:28:28]} Qc5 {[%clk 0:28:35]} 20. Ne4 {[%clk 0:21:46]} Qc7
{[%clk 0:25:50]} 21. g4 {[%clk 0:19:35]} Nd4 {[%clk 0:24:57]} 22. Rc1
{[%clk 0:18:52]} Qd7 {[%clk 0:25:20]} 23. Rc4 {[%clk 0:18:44]} h6
{[%clk 0:21:40]} 24. Bh4 {[%clk 0:16:58]} Rac8 {[%clk 0:20:54]} 25. Rxd4
{[%clk 0:15:13]} Bxd4 {[%clk 0:21:19]} 26. Qxd4 {[%clk 0:15:39]} Qxg4
{[%clk 0:21:20]} 27. Bxe7 {[%clk 0:13:31]} Qf3+ {[%clk 0:19:30]} 28. Kg1
{[%clk 0:13:50]} Qg4+ {[%clk 0:19:26]} 29. Kh1 {[%clk 0:12:49]} Qf3+
{[%clk 0:19:43]} 30. Kg1 {[%clk 0:13:17]} Qg4+ 1/2-1/2

[Event "World Senior Championship F50+/F65+"]
[Site "Katerini"]
[Date "2014.10.28"]
[Round "5.11"]
[White "Pelias, Marilyn"]
[Black "Kabanova, Irina"]
[Result "0-1"]
[WhiteElo "1613"]
[BlackElo "1933"]
[EventDate "2014.10.24"]

1. e4 {[%clk 1:30:48]} c5 {[%clk 1:30:55]} 2. d4 {[%clk 1:31:00]} cxd4
{[%clk 1:31:10]} 3. c3 {[%clk 1:31:24]} d5 {[%clk 1:31:26]} 4. Qa4+
{[%clk 1:29:39]} Bd7 {[%clk 1:30:18]} 5. Qxd4 {[%clk 1:29:29]} dxe4
{[%clk 1:30:16]} 6. Qxe4 {[%clk 1:25:28]} Bc6 {[%clk 1:28:35]} 7. Qd3
{[%clk 1:23:57]} Qxd3 {[%clk 1:28:14]} 8. Bxd3 {[%clk 1:23:28]} Bxg2
{[%clk 1:28:16]} 9. f3 {[%clk 1:16:17]} Nc6 {[%clk 1:27:45]} 10. Bf4
{[%clk 1:13:58]} e5 {[%clk 1:25:32]} 11. Bg3 {[%clk 1:13:47]} Bxh1
{[%clk 1:24:00]} 12. Nd2 {[%clk 1:12:43]} Rd8 {[%clk 1:20:00]} 13. Be4
{[%clk 1:07:18]} Bc5 {[%clk 1:15:29]} 14. Ne2 {[%clk 0:59:57]} Nf6
{[%clk 1:15:28]} 15. Bxc6+ {[%clk 0:50:53]} bxc6 {[%clk 1:15:57]} 16. Bxe5
{[%clk 0:45:51]} Ke7 {[%clk 1:11:50]} 17. Nd4 {[%clk 0:42:25]} Rc8
{[%clk 1:04:18]} 18. O-O-O {[%clk 0:39:52]} Bxd4 {[%clk 1:03:17]} 19. Bxd4
{[%clk 0:39:26]} c5 {[%clk 1:00:22]} 20. Re1+ {[%clk 0:38:07]} Kd7
{[%clk 0:58:13]} 21. Bxf6 {[%clk 0:37:41]} gxf6 {[%clk 0:58:07]} 22. Rxh1
{[%clk 0:37:54]} f5 {[%clk 0:56:12]} 23. Nc4 {[%clk 0:37:36]} Ke6
{[%clk 0:54:59]} 24. f4 {[%clk 0:36:46]} Kd5 {[%clk 0:50:00]} 25. Ne5
{[%clk 0:31:49]} f6 26. Rd1+ Ke6 {[%clk 0:44:48]} 27. Nf3 {[%clk 0:30:49]} Rcd8
{[%clk 0:43:31]} 28. Re1+ {[%clk 0:30:31]} Kf7 {[%clk 0:43:24]} 29. b4
{[%clk 0:30:12]} Rhe8 {[%clk 0:38:39]} 30. Rxe8 {[%clk 0:29:12]} Rxe8
{[%clk 0:39:02]} 31. bxc5 {[%clk 0:29:13]} Re3 {[%clk 0:38:15]} 32. Nh4
{[%clk 0:18:20]} Rxc3+ {[%clk 0:38:34]} 33. Kb2 {[%clk 0:18:19]} Rxc5
{[%clk 0:38:40]} 34. Kb3 {[%clk 0:18:22]} Ke6 {[%clk 0:38:37]} 35. Nf3
{[%clk 0:16:50]} Kd5 {[%clk 0:36:58]} 36. Nd2 {[%clk 0:13:40]} Kd4
{[%clk 0:37:06]} 37. Kb4 {[%clk 0:13:40]} Rc2 {[%clk 0:33:40]} 38. Nb3+
{[%clk 0:13:35]} Ke3 {[%clk 0:33:37]} 39. a4 {[%clk 0:12:17]} Kxf4
{[%clk 0:32:43]} 40. Ka5 {[%clk 0:41:12]} Ke3 {[%clk 1:00:38]} 41. Ka6
{[%clk 0:41:09]} Rc4 {[%clk 0:59:31]} 42. a5 Rc7 {[%clk 0:59:45]} 43. Nc1
{[%clk 0:39:16]} Rxc1 44. Kb5 f4 {[%clk 0:58:15]} 45. Ka6 {[%clk 0:39:29]} f3
{[%clk 0:58:33]} 46. Kxa7 {[%clk 0:39:35]} f2 {[%clk 0:58:47]} 47. Kb7
{[%clk 0:39:28]} f1=Q {[%clk 0:58:51]} 48. a6 {[%clk 0:39:44]} Qb5+
{[%clk 0:59:08]} 49. Ka7 {[%clk 0:39:47]} Rc7+ {[%clk 0:59:35]} 50. Ka8
{[%clk 0:40:07]} Rc8+ {[%clk 0:59:58]} 51. Ka7 {[%clk 0:40:27]} Qb8#
{[%clk 1:00:24]} 0-1

[Event "World Senior Championship F50+/F65+"]
[Site "Katerini"]
[Date "2014.10.29"]
[Round "6.1"]
[White "Gaprindashvili, Nona"]
[Black "Ankudinova, Yelena"]
[Result "1/2-1/2"]
[WhiteElo "2299"]
[BlackElo "2121"]
[EventDate "2014.10.24"]

1. d4 {[%clk 1:30:52]} d5 {[%clk 1:30:45]} 2. c4 {[%clk 1:31:14]} c6
{[%clk 1:31:09]} 3. Nf3 {[%clk 1:31:38]} Nf6 {[%clk 1:31:32]} 4. Qb3
{[%clk 1:31:47]} dxc4 {[%clk 1:31:15]} 5. Qxc4 {[%clk 1:32:16]} Bg4
{[%clk 1:31:24]} 6. Nbd2 {[%clk 1:32:18]} Nbd7 {[%clk 1:30:43]} 7. g3
{[%clk 1:32:11]} e6 {[%clk 1:30:52]} 8. Bg2 {[%clk 1:32:31]} Be7 {[%clk 1:31:07]}
9. O-O {[%clk 1:32:36]} O-O {[%clk 1:31:29]} 10. b3 {[%clk 1:31:09]} a5
{[%clk 1:29:53]} 11. a3 {[%clk 1:27:09]} Rc8 {[%clk 1:27:24]} 12. Bb2
{[%clk 1:26:17]} b5 {[%clk 1:27:04]} 13. Qd3 {[%clk 1:25:36]} Bf5
{[%clk 1:26:06]} 14. Qc3 {[%clk 1:24:18]} c5 {[%clk 1:22:09]} 15. Ne1
{[%clk 1:08:23]} cxd4 {[%clk 1:18:13]} 16. Qxd4 {[%clk 1:08:50]} e5
{[%clk 0:55:58]} 17. Qe3 {[%clk 1:02:18]} Ng4 {[%clk 0:50:30]} 18. Qf3
{[%clk 1:02:22]} Be6 {[%clk 0:50:03]} 19. h3 {[%clk 0:57:39]} Nh6
{[%clk 0:44:24]} 20. Nd3 {[%clk 0:53:38]} f6 {[%clk 0:33:09]} 21. Rac1
{[%clk 0:52:10]} Nc5 {[%clk 0:28:00]} 22. Nxc5 {[%clk 0:51:36]} Bxc5
{[%clk 0:22:17]} 23. Ne4 {[%clk 0:51:15]} Be7 {[%clk 0:22:26]} 24. Rxc8
{[%clk 0:50:46]} Qxc8 {[%clk 0:22:31]} 25. Rc1 {[%clk 0:46:07]} Qd7
{[%clk 0:22:44]} 26. Kh2 1/2-1/2

[Event "World Senior Championship F50+/F65+"]
[Site "Katerini"]
[Date "2014.10.29"]
[Round "6.2"]
[White "Melashvili, Nino"]
[Black "Mednikova, Svetlana"]
[Result "1-0"]
[WhiteElo "2135"]
[BlackElo "2154"]
[EventDate "2014.10.24"]

1. Nf3 {[%clk 1:30:57]} Nf6 {[%clk 1:30:26]} 2. d4 {[%clk 1:31:24]} d5
{[%clk 1:30:27]} 3. Bf4 {[%clk 1:31:49]} e6 {[%clk 1:30:19]} 4. e3
{[%clk 1:32:15]} c5 {[%clk 1:30:02]} 5. c3 {[%clk 1:25:52]} Nc6 {[%clk 1:29:29]}
6. Bd3 {[%clk 1:24:19]} Be7 {[%clk 1:29:02]} 7. h3 {[%clk 1:24:35]} O-O
{[%clk 1:27:43]} 8. Nbd2 {[%clk 1:23:55]} Nh5 {[%clk 1:19:22]} 9. Bh2
{[%clk 1:24:12]} f5 {[%clk 1:19:28]} 10. g4 {[%clk 1:06:21]} Nf6 {[%clk 1:19:38]}
11. gxf5 {[%clk 1:05:53]} exf5 {[%clk 1:19:24]} 12. dxc5 {[%clk 1:06:10]} Ne4
{[%clk 1:14:32]} 13. Nb3 {[%clk 1:04:38]} a5 {[%clk 1:11:20]} 14. a4
{[%clk 1:01:47]} Kh8 {[%clk 1:00:06]} 15. Qc2 {[%clk 0:59:04]} Nxc5
{[%clk 0:49:05]} 16. Nxc5 {[%clk 0:59:27]} Bxc5 {[%clk 0:49:29]} 17. O-O-O
{[%clk 0:59:38]} Bd6 {[%clk 0:46:20]} 18. h4 {[%clk 0:42:14]} Bxh2
{[%clk 0:39:36]} 19. Rxh2 {[%clk 0:42:29]} Be6 {[%clk 0:29:33]} 20. h5
{[%clk 0:30:50]} Nb4 {[%clk 0:21:21]} 21. Qb3 {[%clk 0:23:24]} Nxd3+
{[%clk 0:20:27]} 22. Rxd3 {[%clk 0:23:43]} Qc7 {[%clk 0:13:00]} 23. h6
{[%clk 0:22:28]} g6 {[%clk 0:10:55]} 24. Rh1 {[%clk 0:18:43]} Ra6
{[%clk 0:06:58]} 25. Ng5 {[%clk 0:08:31]} Rd8 {[%clk 0:06:25]} 26. Nxe6
{[%clk 0:08:20]} Rxe6 {[%clk 0:06:53]} 27. Rxd5 {[%clk 0:08:30]} Rxd5
{[%clk 0:02:10]} 28. Qxd5 {[%clk 0:08:58]} Qc6 {[%clk 0:01:46]} 29. Qd4+
{[%clk 0:09:07]} 1-0

[Event "World Senior Championship F50+/F65+"]
[Site "Katerini"]
[Date "2014.10.29"]
[Round "6.3"]
[White "Kasoshvili, Tsiala"]
[Black "Priedite, Ingrida"]
[Result "1/2-1/2"]
[WhiteElo "2161"]
[BlackElo "2225"]
[EventDate "2014.10.24"]

1. d4 {[%clk 1:30:58]} Nf6 {[%clk 1:30:51]} 2. Nf3 {[%clk 1:31:25]} e6
{[%clk 1:31:07]} 3. g3 {[%clk 1:31:52]} b6 {[%clk 1:31:22]} 4. Bg2
{[%clk 1:32:19]} Bb7 {[%clk 1:31:41]} 5. c4 {[%clk 1:32:46]} Be7 {[%clk 1:31:44]}
6. Nc3 {[%clk 1:33:14]} O-O {[%clk 1:31:26]} 7. Qc2 {[%clk 1:31:05]} d5
{[%clk 1:29:26]} 8. Ne5 {[%clk 1:26:36]} Na6 {[%clk 1:12:14]} 9. O-O
{[%clk 1:24:59]} c5 {[%clk 1:06:14]} 10. dxc5 {[%clk 1:20:29]} Bxc5
{[%clk 0:55:15]} 11. Rd1 {[%clk 1:05:13]} Qe7 {[%clk 0:53:56]} 12. Qa4
{[%clk 0:55:33]} Bd6 {[%clk 0:38:08]} 13. Nc6 {[%clk 0:41:00]} Bxc6
{[%clk 0:38:30]} 14. Qxc6 {[%clk 0:41:28]} Rac8 {[%clk 0:38:47]} 15. Qb5
{[%clk 0:40:11]} Nc7 {[%clk 0:38:33]} 16. Qa4 {[%clk 0:40:11]} dxc4
{[%clk 0:36:23]} 17. Qxa7 {[%clk 0:32:57]} Bc5 {[%clk 0:36:15]} 18. h3
{[%clk 0:26:34]} b5 {[%clk 0:32:34]} 19. Qb7 {[%clk 0:26:24]} Rb8
{[%clk 0:31:51]} 20. Qf3 {[%clk 0:24:09]} Ncd5 {[%clk 0:29:28]} 21. Bg5
{[%clk 0:18:28]} Nxc3 {[%clk 0:29:36]} 22. Qxc3 {[%clk 0:18:01]} h6
{[%clk 0:29:53]} 23. Bf4 {[%clk 0:16:43]} Rbd8 {[%clk 0:29:50]} 24. Be5
{[%clk 0:13:54]} Rxd1+ {[%clk 0:29:08]} 25. Rxd1 {[%clk 0:14:24]} Rd8
{[%clk 0:29:18]} 26. Rxd8+ {[%clk 0:06:46]} Qxd8 {[%clk 0:29:42]} 27. Bxf6
{[%clk 0:06:51]} 1/2-1/2

[Event "World Senior Championship F50+/F65+"]
[Site "Katerini"]
[Date "2014.10.29"]
[Round "6.4"]
[White "Fatalibekova, Elena"]
[Black "Birkholz, Olga"]
[Result "1-0"]
[WhiteElo "2215"]
[BlackElo "2067"]
[EventDate "2014.10.24"]

1. Nf3 {[%clk 1:30:56]} a6 {[%clk 1:30:42]} 2. c4 {[%clk 1:30:52]} g6
{[%clk 1:30:51]} 3. d4 {[%clk 1:30:44]} Bg7 {[%clk 1:30:50]} 4. Nc3
{[%clk 1:30:55]} d6 {[%clk 1:30:30]} 5. e4 {[%clk 1:30:33]} Nd7 {[%clk 1:29:51]}
6. Be2 {[%clk 1:30:16]} c5 {[%clk 1:28:25]} 7. O-O {[%clk 1:29:57]} cxd4
{[%clk 1:28:09]} 8. Nxd4 {[%clk 1:30:14]} Ngf6 {[%clk 1:28:35]} 9. Bg5
{[%clk 1:28:49]} Qa5 {[%clk 1:19:53]} 10. Be3 {[%clk 1:24:57]} O-O
{[%clk 1:17:18]} 11. f3 {[%clk 1:21:30]} Re8 {[%clk 1:15:01]} 12. Qd2
{[%clk 1:18:44]} Nf8 {[%clk 1:09:56]} 13. Rfd1 {[%clk 1:17:43]} Bd7
{[%clk 1:05:59]} 14. Nb3 {[%clk 1:16:48]} Qh5 {[%clk 1:02:54]} 15. Bg5
{[%clk 1:09:07]} h6 {[%clk 0:52:52]} 16. Bxf6 {[%clk 1:08:55]} exf6
{[%clk 0:52:09]} 17. Nd5 {[%clk 0:52:53]} Rad8 {[%clk 0:43:48]} 18. Nc7
{[%clk 0:52:36]} Re7 {[%clk 0:38:13]} 19. Qxd6 {[%clk 0:48:40]} Re5
{[%clk 0:36:25]} 20. Qd2 {[%clk 0:47:00]} Qh4 {[%clk 0:28:42]} 21. g3
{[%clk 0:40:15]} Rg5 {[%clk 0:26:39]} 22. Qe1 {[%clk 0:35:46]} f5
{[%clk 0:17:38]} 23. Kh1 {[%clk 0:13:48]} Qh3 {[%clk 0:15:26]} 24. f4
{[%clk 0:14:06]} Rh5 {[%clk 0:09:52]} 25. Bxh5 {[%clk 0:13:44]} Qxh5
{[%clk 0:10:19]} 26. Qe3 {[%clk 0:09:58]} Bxb2 {[%clk 0:08:28]} 27. Rab1
{[%clk 0:10:15]} Ba3 {[%clk 0:08:28]} 28. Nd5 {[%clk 0:10:08]} Bb2
{[%clk 0:07:08]} 29. g4 {[%clk 0:08:07]} Qh4 {[%clk 0:05:08]} 30. Rxb2
{[%clk 0:08:26]} fxe4 {[%clk 0:05:36]} 31. Qg3 {[%clk 0:08:07]} Qxg3
{[%clk 0:05:53]} 32. hxg3 {[%clk 0:08:35]} Bc6 {[%clk 0:06:23]} 33. Ne7+
{[%clk 0:08:37]} 1-0

[Event "World Senior Championship F50+/F65+"]
[Site "Katerini"]
[Date "2014.10.29"]
[Round "6.5"]
[White "Titorenko, Natalia I"]
[Black "Saunina, Ludmila"]
[Result "0-1"]
[WhiteElo "2123"]
[BlackElo "2190"]
[EventDate "2014.10.24"]

1. Nf3 {[%clk 1:30:58]} Nf6 {[%clk 1:30:54]} 2. c4 {[%clk 1:31:14]} c5
{[%clk 1:31:19]} 3. g3 {[%clk 1:30:53]} d5 {[%clk 1:31:34]} 4. Bg2
{[%clk 1:29:37]} Nc6 {[%clk 1:31:55]} 5. O-O {[%clk 1:27:42]} e5 {[%clk 1:30:36]}
6. cxd5 {[%clk 1:26:23]} Nxd5 {[%clk 1:30:20]} 7. d3 {[%clk 1:23:45]} Be7
{[%clk 1:30:22]} 8. Nc3 {[%clk 1:22:43]} Nc7 {[%clk 1:30:21]} 9. b3
{[%clk 1:20:03]} O-O {[%clk 1:30:31]} 10. Bb2 {[%clk 1:20:24]} f6
{[%clk 1:27:21]} 11. Rc1 {[%clk 1:18:03]} Be6 {[%clk 1:26:06]} 12. Ne1
{[%clk 1:08:11]} Qd7 {[%clk 1:25:57]} 13. Na4 {[%clk 0:59:27]} Na6
{[%clk 1:25:57]} 14. Nc2 {[%clk 0:48:42]} Rac8 {[%clk 1:26:04]} 15. Ne3
{[%clk 0:47:39]} Rfd8 {[%clk 1:25:30]} 16. Re1 {[%clk 0:43:39]} Nd4
{[%clk 1:24:36]} 17. Bc3 {[%clk 0:34:47]} f5 {[%clk 1:10:57]} 18. Nc2
{[%clk 0:28:01]} Bf6 {[%clk 1:09:26]} 19. Bd2 {[%clk 0:25:05]} b6
{[%clk 1:08:22]} 20. Nb2 {[%clk 0:23:59]} Nb8 {[%clk 1:08:03]} 21. e3
{[%clk 0:23:20]} Nb5 {[%clk 1:06:08]} 22. e4 {[%clk 0:16:11]} Nc6
{[%clk 1:05:29]} 23. Ne3 {[%clk 0:13:28]} g6 {[%clk 0:49:11]} 24. a4
{[%clk 0:04:35]} Nc7 {[%clk 0:47:23]} 25. Nec4 {[%clk 0:04:24]} Re8
{[%clk 0:45:42]} 26. Bc3 {[%clk 0:03:39]} Nd4 {[%clk 0:45:36]} 27. Bxd4
{[%clk 0:03:32]} Qxd4 {[%clk 0:44:46]} 28. Qc2 {[%clk 0:02:11]} Rcd8
{[%clk 0:43:53]} 29. Rcd1 {[%clk 0:01:41]} Na6 {[%clk 0:43:24]} 30. Bf1
{[%clk 0:01:43]} Nb4 {[%clk 0:43:28]} 31. Qb1 {[%clk 0:01:48]} Qd7
{[%clk 0:42:44]} 32. Qc1 {[%clk 0:01:52]} Qc7 {[%clk 0:42:22]} 33. Qh6
{[%clk 0:01:44]} Nc2 {[%clk 0:39:59]} 34. Re2 {[%clk 0:02:11]} Nd4
{[%clk 0:40:23]} 35. Re3 {[%clk 0:02:32]} Bg7 {[%clk 0:40:09]} 36. Qh4
{[%clk 0:02:11]} f4 {[%clk 0:38:49]} 37. gxf4 {[%clk 0:02:40]} exf4
{[%clk 0:39:13]} 38. Rh3 {[%clk 0:03:01]} Bxh3 {[%clk 0:38:19]} 39. Qxh3
{[%clk 0:03:30]} Nxb3 {[%clk 0:38:10]} 40. Be2 {[%clk 0:33:46]} Nd4
{[%clk 1:07:55]} 41. Bg4 {[%clk 0:31:28]} h5 {[%clk 1:04:51]} 42. Bf3
{[%clk 0:31:55]} Qd7 {[%clk 1:05:05]} 43. Qg2 {[%clk 0:31:15]} Nxf3+
{[%clk 1:05:11]} 44. Qxf3 {[%clk 0:31:43]} Qg4+ {[%clk 1:05:33]} 45. Qg2
{[%clk 0:32:10]} Kf7 {[%clk 1:04:26]} 46. h3 {[%clk 0:32:18]} Qxg2+
{[%clk 1:04:10]} 47. Kxg2 {[%clk 0:32:47]} g5 {[%clk 1:04:15]} 48. Kf3
{[%clk 0:33:14]} Kg6 {[%clk 1:02:08]} 49. Re1 {[%clk 0:31:51]} a6
{[%clk 1:01:16]} 0-1